El turismo como ciencia social de la movilidad (Registro nro. 5277)
[ vista simple ]
| 000 -CABECERA | |
|---|---|
| campo de control de longitud fija | 00874aam a2200301 4500 |
| 005 - FECHA Y HORA DE ACTUALIZACIÓN | |
| campo de control | 20170127150239.0 |
| 008 - LONGITUD FIJA | |
| campo de control de longitud fija | 150508b xxu||||| |||| 00| 0 spa d |
| 041 ## - IDIOMA | |
| Código de idioma del texto/pista de sonido o título separado | |
| 082 ## - CLASIFICACIÓN DECIMAL DEWEY | |
| Número de clasificación | 1.0.77 H183t |
| 100 ## - AUTOR PERSONAL | |
| Nombre de persona | Hall, Michael |
| 245 ## - TÍTULO PROPIAMENTE DICHO | |
| Título | El turismo como ciencia social de la movilidad |
| 260 ## - PIE DE IMPRENTA | |
| Lugar de publicación, distribución, etc. | España |
| Nombre del editor, distribuidor, etc. | Sintesis |
| Fecha de publicación, distribución, etc. | 2005 |
| 300 ## - DESCRIPCIÓN FÍSICA | |
| Extensión | 420 páginas |
| 650 ## - Materia General | |
| Materia general | TURISMO SOCIAL |
| 650 ## - Materia General | |
| Materia general | ESTUDIOS TURÍSTICOS |
| 650 ## - Materia General | |
| Materia general | GLOBALIZACIÓN |
| 650 ## - Materia General | |
| Materia general | MOVILIDAD TURÍSTICA |
| 650 ## - Materia General | |
| Materia general | COMPETENCIA |
| 650 ## - Materia General | |
| Materia general | GOBERNANZA |
| 650 ## - Materia General | |
| Materia general | TURISMO URBANO |
| 650 ## - Materia General | |
| Materia general | TURISMO RURAL |
| 650 ## - Materia General | |
| Materia general | SEGURIDAD TURÍSTICA |
| 650 ## - Materia General | |
| Materia general | MEDIO AMBIENTE |
| 650 ## - Materia General | |
| Materia general | CAMBIO CLIMÁTICO |
| 650 ## - Materia General | |
| Materia general | TURISMO COSTERO |
| 650 ## - Materia General | |
| Materia general | TURISMO MARINO |
| 942 ## - Punto de Acceso Adicional Koha | |
| Tipo de ítem Koha | Libro |
| Estado perdido | Estado dañado | No para préstamo | Biblioteca permanente | Biblioteca actual | Signatura completa | Código de barras | Precio efectivo a partir del | Tipo de ítem |
|---|---|---|---|---|---|---|---|---|
| Departamento de Biblioteca y Documentación Alfonso Chase Brenes | Departamento de Biblioteca y Documentación Alfonso Chase Brenes | 1.0.77 H183t | 14301 | 27/01/2017 | Libro | |||
| Departamento de Biblioteca y Documentación Alfonso Chase Brenes | Departamento de Biblioteca y Documentación Alfonso Chase Brenes | 1.0.77 H183t | 14682 | 27/01/2017 | Libro |